000 00798nam a2200277 a 4500
008
020 _a0412545500 (pbk.)
049 _aMAIN
090 _aHF5633
_bALE
100 1 _aAlexander, David.
245 1 0 _aFinancial reporting /
_cDavid Alexander and Anne Britton.
250 _a3rd ed.
260 _aLondon :
_bChapman & Hall,
_c1993.
300 _axiv, 633 p. :
_bill. ;
_c25 cm.
504 _aIncludes bibliographical references.
500 _aIncludes index.
650 0 _aAccounting.
650 0 _aFinancial statements.
650 0 _aAccounting
_xLaw and legislation.
700 1 _aBritton, Anne.
907 _a.b10130846
_b09-06-11
_c15-07-04
003
005 20230123133757.0
040 _cNUST
942 _cBOOKS
_kHF5633
_mALE
999 _c154449
_d154449